000 00283nam a22001097a 4500
999 _c168103
_d168103
082 _a
_b
100 _aAmbedkar Baburav
245 _aAzangar bajahath ki kahaniyom meim vyavastha virodhi swar/
_cby Ambedkar Baburav.
260 _aMathura,
_bJawahar,
_c
650 _a
942 _cBK